Handbook of research on applied learning theory and design in modern education, 2 Vols. (Record no. 1398598)

MARC details
000 -LEADER
fixed length control field 00709nam a2200217Ia 4500
005 - DATE AND TIME OF LATEST TRANSACTION
control field 20250508170009.0
008 - FIXED-LENGTH DATA ELEMENTS--GENERAL INFORMATION
fixed length control field 008 250505s9999 xx 000 0 eng d
020 ## - INTERNATIONAL STANDARD BOOK NUMBER
International Standard Book Number 978-93-5287-540-5
037 ## - SOURCE OF ACQUISITION
Stock number Reference
040 ## - CATALOGING SOURCE
Original cataloging agency FEDL
Language of cataloging eng
Transcribing agency FEDL
041 ## - LANGUAGE CODE
Language code of text/sound track or separate title eng
Source of code eng
084 ## - COLON CLASSIFICATION NUMBER
Classification number 370.152 3, RAI/RR
Assigning agency FEDL
100 ## - MAIN ENTRY--PERSONAL NAME
Personal name Railean Elena Ed.
9 (RLIN) 782646
245 #0 - TITLE STATEMENT
Title Handbook of research on applied learning theory and design in modern education, 2 Vols.
260 ## - PUBLICATION, DISTRIBUTION, ETC.
Place of publication, distribution, etc. Hershey, USA
Name of publisher, distributor, etc. Information Science Reference
Date of publication, distribution, etc. 2016
365 ## - TRADE PRICE
Price type code USD
Price amount 200
490 ## - SERIES STATEMENT
Volume/sequential designation V. 1
700 ## - ADDED ENTRY--PERSONAL NAME
Personal name Walker Gabriela Ed. Elci Atilla Ed.
9 (RLIN) 782647
942 ## - ADDED ENTRY ELEMENTS (KOHA)
Koha item type Reference
Classification part 370.152 3, RAI/RR
Holdings
Withdrawn status Lost status Damaged status Not for loan Home library Current library Date acquired Cost, normal purchase price Total Checkouts Full call number Barcode Date last seen Price effective from Koha item type
        Department of Education Library Department of Education Library 2025-05-08 200.00   370.152 3, RAI/RR EL0092260 2025-05-08 2025-05-08 Reference
Copyright @ Delhi University Library System